The letts guide to collecting masks

Bibliographic Details
Main Author: Teuten, Timothy
Format: Book
Published: London : Charles Letts and Company Limited , 1990
Subjects:

MARC

LEADER 00000cam a2200000 7i4500
001 0000027708
002 000029920
005 20000330.0
020 |a 1852381191 
090 0 0 |a 391.434096074   |b TEU 
100 1 |a Teuten, Timothy 
245 1 4 |a The letts guide to collecting masks   |c Timothy Teuten 
260 |a London :   |b Charles Letts and Company Limited ,   |c 1990 
300 |a 96p. :   |b ill ;   |c 30cm. 
650 0 0 |a Masks   |x Collectors and collecting   |z Africa 
650 0 0 |a Masks   |z Africa 
999 |a 082109   |b BUKU   |c PINJAMAN   |e PERPUSTAKAAN KOMUNITI PETALING JAYA 
999 |a 082110   |b BUKU   |c PINJAMAN   |e PERPUSTAKAAN KOMUNITI PETALING JAYA